Daňové a účtovné aspekty súvisiace s transformáciou spoločnosti
Daňové a účtovné postupy pri premene jednej formy spoločnosti na inú formu spoločnosti. Povinnosti pre obidve transformujúce sa účtovné jednotky.
Na minha lista:
| Formato: | Capítulo de Livro |
|---|---|
| Idioma: | eslovaco |
| Assuntos: | |
| Tags: |
Sem tags, seja o primeiro a adicionar uma tag!
|
MARC
| LEADER | 00000naa a2200000 4500 | ||
|---|---|---|---|
| 001 | r042998 | ||
| 005 | 20230801100233.3 | ||
| 041 | 0 | |a slo | |
| 044 | |a SK | ||
| 245 | 1 | 0 | |a Daňové a účtovné aspekty súvisiace s transformáciou spoločnosti |
| 520 | |a Daňové a účtovné postupy pri premene jednej formy spoločnosti na inú formu spoločnosti. Povinnosti pre obidve transformujúce sa účtovné jednotky. | ||
| 610 | 2 | 0 | |a transformácia |
| 610 | 2 | 0 | |a transformácia podniku |
| 610 | 2 | 0 | |a spoločnosti |
| 610 | 2 | 0 | |a účtovníctvo |
| 610 | 2 | 0 | |a dane |
| 610 | 2 | 0 | |a Slovensko |